Effective grading: (Record no. 13956)
[ view plain ]
| 000 -LEADER | |
|---|---|
| fixed length control field | 00816nam a22001937a 4500 |
| 008 - FIXED-LENGTH DATA ELEMENTS--GENERAL INFORMATION | |
| fixed length control field | 160921b xxu||||| |||| 00| 0 eng d |
| 020 ## - INTERNATIONAL STANDARD BOOK NUMBER | |
| International Standard Book Number | 0787940305 |
| 050 ## - LIBRARY OF CONGRESS CALL NUMBER | |
| Classification number | LB 2268 |
| Item number | .W35 1998 |
| 100 ## - MAIN ENTRY--PERSONAL NAME | |
| Personal name | Walvoord, Barbara E. |
| 245 ## - TITLE STATEMENT | |
| Title | Effective grading: |
| Remainder of title | a tool for learning and assessment/ |
| Statement of responsibility, etc. | Barbara E.Walvoord and Virginia Johnson Anderson |
| 260 ## - PUBLICATION, DISTRIBUTION, ETC. (IMPRINT) | |
| Place of publication, distribution, etc. | San fransisco: |
| Name of publisher, distributor, etc. | Jossey bass awiley company; |
| Date of publication, distribution, etc. | 1998. |
| 300 ## - PHYSICAL DESCRIPTION | |
| Extent | xxii,250p. :ill. ; |
| Other physical details | Include bibliographical references and index |
| Dimensions | 22cm |
| 650 ## - SUBJECT ADDED ENTRY--TOPICAL TERM | |
| Topical term or geographic name as entry element | Grading and marking(students) |
| General subdivision | United states. |
| 650 ## - SUBJECT ADDED ENTRY--TOPICAL TERM | |
| Topical term or geographic name as entry element | College student |
| General subdivision | rating of |
| Chronological subdivision | united states. |
| 650 ## - SUBJECT ADDED ENTRY--TOPICAL TERM | |
| Topical term or geographic name as entry element | Educational tests and measurements |
| General subdivision | United states. |
| 700 ## - ADDED ENTRY--PERSONAL NAME | |
| Personal name | Anderson, Virginia Johnson |
| 700 ## - ADDED ENTRY--PERSONAL NAME | |
| Personal name | Angelo, Thomas A. |
| 942 ## - ADDED ENTRY ELEMENTS (KOHA) | |
| Source of classification or shelving scheme | |
| Koha item type | Hard Covered Materials |
| Classification part | LB 2368 .W35 1998 |
| Withdrawn status | Lost status | Source of classification or shelving scheme | Damaged status | Not for loan | Home library | Current library | Shelving location | Date acquired | Source of acquisition | Total Checkouts | Full call number | Barcode | Date last seen | Price effective from | Koha item type |
|---|---|---|---|---|---|---|---|---|---|---|---|---|---|---|---|
| MACHAKOS UNIVERSITY LIBRARY | MACHAKOS UNIVERSITY LIBRARY | Open shelf | 21/09/2016 | Donation(BFA) | LB 2368 .W35 1998 | 24237 | 21/09/2016 | 21/09/2016 | Hard Covered Materials |